000 00370nam a2200157Ia 4500
008 151213s9999 xx 000 0 und d
100 _aM. Gelsmar
245 _aThe Whitman Reards
_cM. Gelsmar
250 _a1st
260 _aNew York
_bPocket Book
_c1955
300 _a4326 p.
650 _aLiterature
650 _aLiterature
700 _aM. Gelsmar
999 _c2740
_d2740